000 00802nam a22002417a 4500
003 DO-SdBNP
005 20240530073925.0
008 091113s 2017 dr 001 0 spa d
020 _a9789945489255
040 _aDO-SdBNP
_bspa
_cBNPHU
082 4 _aBNPHU RD863.44
_bH557m 2017
_222
100 1 _aHernández, Ángela,
_d1954-
_92564
245 1 0 _aMudanza de los sentidos /
_cÁngela Hernández Núñez.
260 _aSanto Domingo :
_bSantuario,
_c2017.
300 _a123 p. ;
_c23 cm.
500 _aIncluye datos biográficos de la autora en la solapa de la cubierta
586 _aPremio Nacional de Literatura 2016.
590 _aInventariado, 2021/LP
650 1 0 _aNovela dominicana
_9223
650 1 0 _aLiteratura dominicana.
_967
910 _aValidado. Control de calidad.
942 _2ddc
_cLBS1
999 _c50364
_d50364